| 000 | 00344nam a2200145Ia 4500 | ||
|---|---|---|---|
| 008 | 230312s9999||||xx |||||||||||||| ||und|| | ||
| 020 | _a978-0745649368 | ||
| 082 |
_a338.47664 _bCLA-F |
||
| 100 | _aClapp;Jennifer | ||
| 245 | 0 | _aFood | |
| 260 |
_bPolityUSA _aUSA _c2012 |
||
| 300 | _a218 | ||
| 650 |
_aFood Science _vFood industry |
||
| 942 | _cBK | ||
| 999 |
_c14270 _d14270 |
||